书目信息 |
| 题名: |
涉税服务相关法律应试指南
|
|
| 作者: | 赵俊峰 著 ;中华会计网校 编 | |
| 分册: | 上册 上 | |
| 出版信息: | 北京 人民出版社 2019 |
|
| 页数: | 270页 | |
| 开本: | 26cm | |
| 丛书名: | 2019年度全国税务师职业资格考试梦想成真系列辅导丛书 | |
| 单 册: | ||
| 中图分类: | D922.220.4 , D922.22 , D922.2 | |
| 科图分类: | ||
| 主题词: | 税法--shui fa--中国--资格考试--自学参考资料 | |
| 电子资源: | ||
| ISBN: | 978-7-01-020288-4 | |
| 000 | 01364nam 2200325 450 | |
| 001 | 2348496830 | |
| 005 | 20231120212004.06 | |
| 010 | @a978-7-01-020288-4@dCNY43.00 | |
| 092 | @aCN@b201939-136 | |
| 100 | @a20190829d2019 em y0chiy50 ea | |
| 101 | 0 | @achi |
| 102 | @aCN@b110000 | |
| 105 | @ay z 000yy | |
| 200 | 1 | @a涉税服务相关法律应试指南@Ashe shui fu wu xiang guan fa lv ying shi zhi nan@h上册@i上@f赵俊峰主编@g中华会计网校编 |
| 210 | @a北京@c人民出版社@d2019 | |
| 215 | @a270页@d26cm | |
| 225 | 2 | @a2019年度全国税务师职业资格考试梦想成真系列辅导丛书@A2019 nian du quan guo shui wu shi zhi ye zi ge kao shi meng xiang cheng zhen xi lie fu dao cong shu |
| 225 | 2 | @a2019年度税务师梦想成真系列@A2019 nian du shui wu shi meng xiang cheng zhen xi lie@h进阶1@i应试指南 |
| 330 | @a本书共分两册,分为考情分析及应试方法、应试指导及同步训练、易错易混知识点辨析、考前预测试题4部分。 | |
| 410 | 0 | @12001 @a2019年度全国税务师职业资格考试梦想成真系列辅导丛书 |
| 410 | 0 | @12001 @a2019年度税务师梦想成真系列@h进阶1@i应试指南 |
| 517 | 1 | @a上@AShang |
| 606 | 0 | @a税法@Ashui fa@y中国@x资格考试@j自学参考资料 |
| 690 | @aD922.220.4@v5 | |
| 690 | @aD922.22@v5 | |
| 690 | @aD922.2@v4 | |
| 701 | 0 | @a赵俊峰@Azhao jun feng@4著 |
| 712 | 02 | @a中华会计网校@Azhong hua kuai ji wang xiao@4编 |
| 801 | 0 | @aCN@b山东中教@c20230928 |
| 905 | @aBZT@dD922.2@e19:1 | |
| 涉税服务相关法律应试指南.上册.上/赵俊峰主编/中华会计网校编.-北京:人民出版社,2019 |
| 270页;26cm.-(2019年度全国税务师职业资格考试梦想成真系列辅导丛书).-(2019年度税务师梦想成真系列.进阶1.应试指南) |
| ISBN 978-7-01-020288-4:CNY43.00 |
| 本书共分两册,分为考情分析及应试方法、应试指导及同步训练、易错易混知识点辨析、考前预测试题4部分。 |
| ● |
| 相关链接 |
|
|
|
正题名:涉税服务相关法律应试指南
索取号:D922.2/19:1
 
预约/预借
| 序号 | 登录号 | 条形码 | 馆藏地/架位号 | 状态 | 备注 |
| 1 | 2000970011 | 2000970011 | 第四书库/四5架A面5层1列/ [索取号:D922.2/19:1] | 在馆 | |
| 2 | 2000970012 | 2000970012 | 第四书库/四5架A面5层1列/ [索取号:D922.2/19:1] | 在馆 | |
| 3 | 2000970013 | 2000970013 | 第四书库/四5架A面5层1列/ [索取号:D922.2/19:1] | 在馆 | |
| 4 | 2000970014 | 2000970014 | 第四书库/四5架A面5层1列/ [索取号:D922.2/19:1] | 在馆 | |
| 5 | 2000970015 | 2000970015 | 第四书库/四5架A面5层1列/ [索取号:D922.2/19:1] | 在馆 | |
| 6 | 2000970016 | 2000970016 | 第四书库/四5架A面5层1列/ [索取号:D922.2/19:1] | 在馆 |